000 00716nam a2200289Ia 4500
005 20260324111421.0
008 008 260324s9999 xx 000 0 eng d
020 _a9781003533641
037 _aEBOOK
040 _aCRL
040 _beng
040 _cCRL
041 _2eng
041 _aeng
084 _qCRL
100 _aVictor MacGill
_91138475
245 0 _aFinding Wholeness Through the Science of Connecting
245 3 _bAn Introduction to the Dynamics of Life Model
260 _bTaylor and Francis
260 _c2025
365 _a
365 _b220
856 _uhttp://www.taylorfrancis.com/books/9781003533641
942 _cEBOOK
999 _c1727288
_d1727288